|
|
|
|
| LEADER |
01218nta a2200253 i 4500 |
| 001 |
dipl71240 |
| 005 |
20231221200101.0 |
| 008 |
180608s2017 hu om 0|| hun d |
| 040 |
|
|
|a SZTE Diploma Repozitórium
|b hun
|
| 041 |
|
|
|a hun
|
| 100 |
1 |
|
|a Darida Róbert
|
| 245 |
1 |
0 |
|a 4x4x4-es Rubik kocka megoldó Java alkalmazás fejlesztése
|h [elektronikus dokumentum] /
|c Róbert Darida
|
| 246 |
1 |
0 |
|a Development of Rubik's Revenge Solver in Java
|h [elektronikus dokumentum]
|
| 260 |
|
|
|c 2017
|
| 650 |
|
4 |
|a Természettudományok
|
| 650 |
|
4 |
|a Natural sciences
|
| 650 |
|
4 |
|a Computer and information sciences
|
| 650 |
|
4 |
|a Computer sciences, information science and bioinformatics
|
| 650 |
|
4 |
|a Software engineering, operating systems, computer languages
|
| 650 |
|
4 |
|a Digital games, gamification, applied games, serious games
|
| 700 |
1 |
|
|a Bánhelyi Balázs
|e ths
|
| 856 |
4 |
0 |
|u https://diploma.bibl.u-szeged.hu/id/eprint/71240/1/2016_Darida_R%C3%B3bert_UWFPAS_SZ.pdf
|z Dokumentum-elérés
|
| 856 |
4 |
0 |
|u https://diploma.bibl.u-szeged.hu/id/eprint/71240/7/2017_darida_robert_melleklet.zip
|z Dokumentum-elérés
|
| 856 |
4 |
0 |
|u https://diploma.bibl.u-szeged.hu/id/eprint/71240/8/2017_darida_robert_biralati_lap.pdf
|z Dokumentum-elérés
|